000
00272nam a22001217a 4500
082
_a
530.07 SAU'C
100
_a
KIRPATRICK,SAUNDERS, F. A
_9
59777
245
_a
COLLEGE PHYSICS
250
_a
4TH ED
260
_a
NEWYORK
_b
HENRY HOLT
_c
1953
300
_a
603P
942
_c
BK
999
_c
569669
_d
569669